Statistics for Countries Bordering The Mediterranean Sea

Click here to take the quiz!

General Stats

  • This quiz has been taken 32 times
  • The average score is 20 of 21

Answer Stats

Country% Correct
Algeria
100%
Slovenia
100%
Albania
96%
Croatia
96%
Cyprus
96%
France
96%
Greece
96%
Israel
96%
Lebanon
96%
Malta
96%
Morocco
96%
Spain
96%
Turkey
96%
Bosnia and Herzegovina
93%
Egypt
93%
Italy
93%
Libya
93%
Monaco
93%
Montenegro
93%
Syria
93%
Tunisia
93%

Score Distribution

Percentile by Number Answered

Percent of People with Each Score

Your Score History

You have not taken this quiz